000 00681nam a2200241Ia 4500
003 OSt
005 20221005115039.0
006 a|||||r|||| 00| 0
007 ta
008 221004b |||||||| |||| 00| 0 ara d
020 _c440
024 _a23793
037 _b01, 26/03/2007, Nadwi Publications
_cTextual
040 _aCRL
_cCRL
_bara
041 _2ara
_aara
082 _aO28,2NNAx, N5
100 _aNofal Yusuf Hasan Au.
_9581159
245 0 _aBinai al-misrihiyatul arbia
260 _c1995
650 _aARABIC DRAMA
942 _hO28,2NNAx, N5
_cTEXL
_2cc
999 _c1033276
_d1033276